000
00214nam a22001097a 4500
041
_a
eng
080
_a
80
100
_a
Markert, W.
245
_a
Osteuropa-Handbuch Sowjetunion.
650
_a
German
999
_c
277782
_d
277782
942
_c
BK